[Event "7. Lichtenberger Sommer"]
[Site "Berlin"]
[Date "2008.08.20"]
[Round "5.79"]
[White "Pixa, Richard"]
[Black "Sawlin, Leonid"]
[Result "1/2-1/2"]
[WhiteElo "1381"]
[BlackElo "1872"]
[PlyCount "40"]
[EventDate "2008.??.??"]
[WhiteTeam "Treptower SV 1949 e.V."]
[BlackTeam "TuS Makkabi Berlin e.V."]

1. e4 d6 2. d4 Nf6 3. Nc3 g6 4. Nf3 Bg7 5. h3 O-O 6. Be2 a6 7. O-O b5 8. a3 Bb7
9. Bd3 c5 10. d5 Nbd7 11. Be3 Rc8 12. Qd2 Re8 13. Bh6 Bh8 14. Rfe1 Qc7 15. Bf1
Nb6 16. Qg5 Nfd7 17. h4 Bf6 18. Qg4 Rcd8 19. h5 Bc8 20. hxg6 hxg6 1/2-1/2

[Event "7. Lichtenberger Sommer"]
[Site "Berlin"]
[Date "2008.08.20"]
[Round "5.80"]
[White "Ollek, Karl-Heinz"]
[Black "Bauer, Stefan"]
[Result "1-0"]
[WhiteElo "1861"]
[BlackElo "1816"]
[PlyCount "125"]
[EventDate "2008.??.??"]
[WhiteTeam "SC Friesen Lichtenberg e.V."]
[BlackTeam "SC Kreuzberg e.V."]

1. Nf3 Nf6 2. g3 c6 3. Bg2 d5 4. d3 Nbd7 5. Nbd2 g6 6. O-O Bg7 7. Rb1 O-O 8. e4
e5 9. b4 b5 10. Re1 d4 11. Nb3 Re8 12. c3 dxc3 13. Qc2 a5 14. a3 a4 15. Na1 Qc7
16. Qxc3 Bb7 17. h3 Rac8 18. Be3 Qb8 19. Rec1 h6 20. Qd2 Kh7 21. Rc3 Re6 22.
Rbc1 Rd6 23. Qa2 Kg8 24. Nc2 Re6 25. Nce1 Rf8 26. Nh2 Qe8 27. h4 Kh7 28. Bh3
Re7 29. g4 g5 30. hxg5 hxg5 31. Qd2 Rh8 32. Nef3 Kg8 33. Kg2 Nh7 34. Nxg5 Nxg5
35. Bxg5 f6 36. Be3 Qg6 37. Rh1 Bh6 38. Nf1 Reh7 39. d4 Qxe4+ 40. f3 Qg6 41.
dxe5 fxe5 42. Bxh6 Qxh6 43. Qxh6 Rxh6 44. Ng3 Nf8 45. Nf5 R6h7 46. g5 Ng6 47.
Nh6+ Kf8 48. Bg4 Nf4+ 49. Kf2 Rg7 50. Rd1 Nd5 51. Rcc1 Rxg5 52. Nf5 Rh2+ 53.
Kg3 Ra2 54. Rh1 Rg8 55. Rh7 Ba8 56. Ra7 Nb6 57. Rd1 Nd5 58. Rxa8+ Kf7 59. Nh6+
Kg7 60. Nxg8 Rxa3 61. Be6 e4 62. Ra7+ Kg6 63. Kh4 1-0

[Event "7. Lichtenberger Sommer"]
[Site "Berlin"]
[Date "2008.08.20"]
[Round "5.81"]
[White "Sampels, Michael"]
[Black "Thonig, Manfred"]
[Result "1-0"]
[WhiteElo "1745"]
[BlackElo "1728"]
[PlyCount "45"]
[EventDate "2008.??.??"]
[WhiteTeam "SC EPA"]
[BlackTeam "SC Starnberg"]

1. e4 g6 2. Nc3 Bg7 3. f4 d6 4. h3 e5 5. Nf3 exf4 6. d4 g5 7. Bc4 Qe7 8. Nd5
Qxe4+ 9. Qe2 Qxe2+ 10. Kxe2 Kd7 11. Nxg5 Nh6 12. c3 f6 13. Ne4 Re8 14. Kd3 Ng8
15. Nxf4 c6 16. Bxg8 Rxg8 17. Nh5 Ke6 18. Re1 Kf7 19. Nxd6+ Kg6 20. Nxg7 Bd7
21. Re3 Kxg7 22. Rg3+ Kh8 23. Nf7# 1-0

[Event "7. Lichtenberger Sommer"]
[Site "Berlin"]
[Date "2008.08.20"]
[Round "5.82"]
[White "Schneider, Eckehard"]
[Black "Jansen, Robert"]
[Result "1-0"]
[WhiteElo "1802"]
[BlackElo "1274"]
[PlyCount "39"]
[EventDate "2008.??.??"]
[WhiteTeam "Sfrd. Berlin 1903 e.V."]
[BlackTeam "SK Gilette"]

1. e4 e5 2. Nf3 Nc6 3. d4 exd4 4. Nxd4 Bc5 5. Nxc6 bxc6 6. Bd3 d6 7. O-O h6 8.
Re1 Be6 9. Be3 Bb6 10. Nc3 Nf6 11. Qf3 Qd7 12. h3 O-O 13. Bxh6 gxh6 14. Qxf6
Rfe8 15. Qxh6 f5 16. exf5 Bxf5 17. Rxe8+ Rxe8 18. Qg5+ Kh8 19. Bxf5 Rg8 20.
Qh6+ 1-0

[Event "7. Lichtenberger Sommer"]
[Site "Berlin"]
[Date "2008.08.20"]
[Round "5.83"]
[White "Kitzler, Gerhard"]
[Black "Knauft, Marcel"]
[Result "0-1"]
[WhiteElo "1059"]
[BlackElo "1571"]
[PlyCount "42"]
[EventDate "2008.??.??"]
[WhiteTeam "SK 1858 Gießen"]
[BlackTeam "SK 1929 Mainaschaff"]

1. e4 e6 2. d4 d5 3. e5 c5 4. c3 Nc6 5. f4 Qb6 6. Nf3 cxd4 7. cxd4 Bb4+ 8. Nc3
Nge7 9. a3 Bxc3+ 10. bxc3 Bd7 11. a4 a6 12. Ba3 Rc8 13. Bc5 Qa5 14. Qd2 O-O 15.
Be2 f6 16. O-O Rf7 17. Bd3 fxe5 18. fxe5 h6 19. Qc2 Re8 20. Bh7+ Kh8 21. Nh4
Nxe5 0-1

[Event "7. Lichtenberger Sommer"]
[Site "Berlin"]
[Date "2008.08.20"]
[Round "5.84"]
[White "Reinacher, Detlev"]
[Black "Wierzbicki, Jirawat"]
[Result "1-0"]
[WhiteElo "1558"]
[BlackElo "734"]
[PlyCount "39"]
[EventDate "2008.??.??"]
[WhiteTeam "Schachclub Hansa Dortmund e.V."]
[BlackTeam "Schachpinguine Berlin"]

1. d4 d5 2. c4 c6 3. Nc3 Nf6 4. cxd5 Nxd5 5. e4 Nxc3 6. bxc3 e6 7. Nf3 Be7 8.
Bd3 Nd7 9. O-O O-O 10. Qc2 b6 11. Bb2 Bb7 12. e5 Re8 13. Bxh7+ Kh8 14. Be4 b5
15. Nd2 Qc8 16. Qd3 f6 17. Qh3+ Kg8 18. Qh7+ Kf7 19. Bg6+ Kf8 20. Qh8# 1-0

[Event "7. Lichtenberger Sommer"]
[Site "Berlin"]
[Date "2008.08.20"]
[Round "5.86"]
[White "Pozzo, Dominic"]
[Black "Udet, Fabian"]
[Result "1-0"]
[WhiteElo "1248"]
[BlackElo "1560"]
[PlyCount "61"]
[EventDate "2008.??.??"]
[WhiteTeam "Richmond Juniors"]
[BlackTeam "1. Schachclub Anhalt"]

1. e4 c5 2. Nc3 e6 3. g3 d5 4. Bg2 Ne7 5. d3 g6 6. Bg5 Bg7 7. exd5 Bxc3+ 8.
bxc3 exd5 9. Bf6 Rg8 10. Ne2 Be6 11. O-O Nd7 12. Bg5 f6 13. Bf4 Kf7 14. Rb1 b6
15. c4 Ne5 16. Bh6 Nf5 17. Bf4 Rc8 18. Bxe5 fxe5 19. f4 Ne3 20. Qd2 Nxf1 21.
Rxf1 Kg7 22. fxe5 dxc4 23. Nf4 Re8 24. Nxe6+ Rxe6 25. Bh3 Qd4+ 26. Kh1 Qxe5 27.
Bxe6 Qxe6 28. Qc3+ Kh6 29. Rf4 Qd5+ 30. Kg1 Rd8 31. Qf6 1-0

[Event "7. Lichtenberger Sommer"]
[Site "Berlin"]
[Date "2008.08.20"]
[Round "5.87"]
[White "Prix, Siegfried"]
[Black "Berg, Gerd"]
[Result "1-0"]
[WhiteElo "1761"]
[BlackElo "1717"]
[PlyCount "69"]
[EventDate "2008.??.??"]
[WhiteTeam "Sfrd. Berlin 1903 e.V."]
[BlackTeam "SK König Tegel 1949 e.V."]

1. e4 c5 2. c4 Nc6 3. Nf3 d6 4. d4 cxd4 5. Nxd4 e6 6. Nc3 Be7 7. Be3 Nf6 8. Be2
O-O 9. O-O Nxd4 10. Bxd4 b6 11. f4 Bb7 12. Bf3 Qc7 13. b3 Rad8 14. Qe1 Qb8 15.
Qg3 Bc8 16. Rfe1 g6 17. a4 Ne8 18. e5 f5 19. Rad1 Ng7 20. Nb5 Bb7 21. exd6 Bxd6
22. Nxd6 Bxf3 23. Qxf3 Qxd6 24. Qc3 Qe7 25. c5 Rf7 26. cxb6 axb6 27. Bxb6 Rxd1
28. Rxd1 Qb7 29. Rd8+ Rf8 30. Rxf8+ Kxf8 31. Qf6+ Qf7 32. Qxf7+ Kxf7 33. a5 Ne8
34. a6 Nd6 35. a7 1-0

[Event "7. Lichtenberger Sommer"]
[Site "Berlin"]
[Date "2008.08.20"]
[Round "5.88"]
[White "Krüger, Stefan"]
[Black "Paris, Gerhard"]
[Result "1-0"]
[WhiteElo "1548"]
[BlackElo "1696"]
[PlyCount "123"]
[EventDate "2008.??.??"]
[WhiteTeam "SC Friesen Lichtenberg e.V."]
[BlackTeam "TSG Oberschöneweide e.V."]

1. d4 Nf6 2. c4 d6 3. Nc3 g6 4. e4 Bg7 5. Nf3 O-O 6. Be2 e5 7. O-O Nc6 8. d5
Ne7 9. b4 Bd7 10. c5 Ne8 11. Bb5 Bxb5 12. Nxb5 a6 13. cxd6 cxd6 14. Nc3 Rc8 15.
Bd2 f5 16. Ng5 Nc7 17. f3 f4 18. Nh3 Ne8 19. Nf2 Nf6 20. b5 Nd7 21. bxa6 bxa6
22. Na4 Nc5 23. Nxc5 Rxc5 24. Qa4 a5 25. Rac1 Qe8 26. Qxe8 Rxe8 27. Rxc5 dxc5
28. Rc1 a4 29. Rxc5 Nc8 30. Rc6 Bf8 31. Nd3 a3 32. Bb4 Na7 33. Rb6 Rc8 34. Bxf8
Kxf8 35. Ra6 Nb5 36. Ra5 Rc3 37. Nb4 Nd4 38. d6 Ke8 39. h4 Rc4 40. Nd3 Rc3 41.
Nxe5 Nc6 42. Nxc6 Rxc6 43. Rxa3 Rxd6 44. Ra8+ Kf7 45. Ra7+ Kg8 46. a4 Rd1+ 47.
Kh2 Ra1 48. g3 Ra2+ 49. Kh3 h5 50. gxf4 Ra1 51. f5 gxf5 52. exf5 Rh1+ 53. Kg3
Rg1+ 54. Kf4 Ra1 55. Kg5 Ra3 56. f4 Rf3 57. a5 Kh8 58. a6 Rg3+ 59. Kxh5 Rg8 60.
Rb7 Rf8 61. a7 Rxf5+ 62. Kg4 1-0

[Event "7. Lichtenberger Sommer"]
[Site "Berlin"]
[Date "2008.08.20"]
[Round "5.89"]
[White "Apel, Wolfgang"]
[Black "Pöltelt, Helmut"]
[Result "1-0"]
[WhiteElo "1786"]
[BlackElo "1545"]
[PlyCount "91"]
[EventDate "2008.??.??"]
[WhiteTeam "SV Berolina Mitte e.V."]
[BlackTeam "SC Eintracht Berlin e.V."]

1. c4 e5 2. Nc3 Nc6 3. e3 Nf6 4. d4 Bb4 5. d5 Ne7 6. Nge2 O-O 7. a3 Bxc3+ 8.
Nxc3 d6 9. f3 h6 10. h4 Nh7 11. Bd2 Nf5 12. e4 Nxh4 13. Be3 Ng6 14. Qd2 Ng5 15.
Bxg5 Qxg5 16. Qxg5 hxg5 17. O-O-O a6 18. b4 Bd7 19. a4 f6 20. Kc2 a5 21. bxa5
Rxa5 22. Rb1 Rb8 23. Rb4 b6 24. g3 Kf7 25. Bd3 Raa8 26. Ra1 Rh8 27. Nb5 Bxb5
28. cxb5 Rh2+ 29. Kb3 Ke7 30. a5 Rf2 31. axb6 Rb8 32. bxc7 Rc8 33. b6 Rxf3 34.
Kc3 Rxg3 35. Kd2 Nf4 36. Ba6 Rg2+ 37. Kc3 Rh8 38. c8=Q Rh3+ 39. Qxh3 Nxh3 40.
b7 Nf4 41. b8=Q Rg3+ 42. Kc4 Kf7 43. Rb7+ Kg6 44. Rh1 Rh3 45. Rxh3 Nxh3 46. Qh8
1-0

[Event "7. Lichtenberger Sommer"]
[Site "Berlin"]
[Date "2008.08.20"]
[Round "5.90"]
[White "Bauerfeind, Lars"]
[Black "Möller, Dirk"]
[Result "0-1"]
[WhiteElo "1289"]
[BlackElo "1575"]
[PlyCount "55"]
[EventDate "2008.??.??"]
[WhiteTeam "SV Motor Eberswalde e.V."]
[BlackTeam "SC Kreuzberg e.V."]

1. d4 Nf6 2. c4 e6 3. Nc3 Bb4 4. Bd2 c5 5. Nf3 Nc6 6. e3 d5 7. Bd3 O-O 8. O-O
Qb6 9. Ne2 Qc7 10. Qc2 cxd4 11. Nexd4 Bd6 12. cxd5 exd5 13. h3 a6 14. Nxc6 bxc6
15. Nd4 c5 16. Nf3 Bb7 17. Be2 Ne4 18. Rad1 f5 19. Bd3 Bc8 20. b3 Rf6 21. Bc3
Rg6 22. Nh4 Rg5 23. Bxe4 fxe4 24. Kh1 Rh5 25. Qd2 Qf7 26. g3 Bxh3 27. Ng2 Bxg2+
28. Kxg2 0-1

[Event "7. Lichtenberger Sommer"]
[Site "Berlin"]
[Date "2008.08.20"]
[Round "5.91"]
[White "Mildenberger, Hans"]
[Black "Lippianowski, Stefan"]
[Result "1-0"]
[WhiteElo "1565"]
[BlackElo "953"]
[PlyCount "57"]
[EventDate "2008.??.??"]
[WhiteTeam "BVG Helmholtz"]
[BlackTeam "Treptower SV 1949 e.V."]

1. e4 e5 2. Nf3 Nc6 3. Bb5 a6 4. Ba4 Nf6 5. O-O Nxe4 6. Re1 d5 7. d3 Nf6 8.
Nxe5 Be6 9. Nc3 Bd6 10. Nxc6 bxc6 11. Bxc6+ Nd7 12. Bxa8 Qxa8 13. d4 O-O 14.
Bg5 h6 15. Bh4 Qb8 16. Rb1 c6 17. Bg3 f5 18. Rxe6 f4 19. Bh4 Rf5 20. Qe2 f3 21.
gxf3 Bxh2+ 22. Kg2 Qf4 23. Bg3 Rg5 24. Kxh2 Rh5+ 25. Kg2 Qf5 26. Re8+ Kh7 27.
Qd3 Nf6 28. Qxf5+ Rxf5 29. Rc8 1-0

[Event "7. Lichtenberger Sommer"]
[Site "Berlin"]
[Date "2008.08.20"]
[Round "5.92"]
[White "Junghänel, Dieter"]
[Black "Heyne, Klaus"]
[Result "1-0"]
[WhiteElo "1755"]
[BlackElo "1160"]
[PlyCount "43"]
[EventDate "2008.??.??"]
[WhiteTeam "SV Motor Wildau e.V."]
[BlackTeam "SC Rotation Pankow e.V."]

1. e4 c5 2. f4 d6 3. Nf3 a6 4. d3 g6 5. Be3 Bg4 6. Nbd2 Bg7 7. c3 Nc6 8. Be2
Bxf3 9. Nxf3 Nf6 10. Ng5 h6 11. Nh3 O-O 12. Bf3 e5 13. f5 Ne7 14. g4 Nh7 15.
Qd2 Nc6 16. g5 hxg5 17. Nxg5 Nf6 18. h4 Nh7 19. Qg2 Qb6 20. Nxh7 Kxh7 21. h5
Ne7 22. hxg6+ 1-0